LEADER 01052nam--2200361---450- 001 990003665160203316 005 20120525143333.0 010 $a978-1-4094-1216-8 035 $a000366516 035 $aUSA01000366516 035 $a(ALEPH)000366516USA01 035 $a000366516 100 $a20120525d2010----km-y0itay50------ba 101 $aeng 102 $aGB 105 $a||||||||001yy 200 1 $a<> EU and federalism$epolities and policies compared$fedited by Finn Laursen 210 $aFarnham$aBurlington$cAshgate$d2010 215 $aVI, 283 p.$d24 cm 225 2 $aFederalism studies 410 0$12001$aFederalism studies 606 0 $aFederalismo$yUnione europea$2BNCF 676 $a320.44049 700 1$aFINN,$bLaursen$0612397 702 1$aLAURSEN,$bFinn 801 0$aIT$bsalbc$gISBD 912 $a990003665160203316 951 $aXXIII.4.K. 648$b74046 G.$cXXIII.4.K.$d00311105 959 $aBK 969 $aGIU 979 $aCHIARA$b90$c20120525$lUSA01$h1433 996 $aEU and federalism$91139233 997 $aUNISA